Analysis of the Highest Wages in the Slovak Republic

Štatistická analýza najvyšších platov v Slovenskej republike v roku 2009. Formulácia problému. Riešenie problému. Závery.

Enregistré dans:
Détails bibliographiques
Auteur principal: Pacáková, Viera
Autres auteurs: Foltán, František
Format: Chapitre de livre
Langue:anglais
Sujets:
Tags: Ajouter un tag
Pas de tags, Soyez le premier à ajouter un tag!

MARC

LEADER 00000naa a2200000 4500
001 0136438
005 20240502083328.9
041 0 |a eng 
044 |a CZ 
245 1 0 |a Analysis of the Highest Wages in the Slovak Republic  |c Viera Pacáková, František Foltán 
520 |a Štatistická analýza najvyšších platov v Slovenskej republike v roku 2009. Formulácia problému. Riešenie problému. Závery. 
610 2 0 |a mzdy 
610 2 0 |a analýza štatistická 
610 2 0 |a Slovensko 
610 2 0 |a 2009 
100 1 |a Pacáková, Viera 
700 1 |a Foltán, František